[Event "CZE-chT2D 1314"]
[Site "Czech Republic"]
[Date "2014.03.23"]
[Round "10.4"]
[White "Partl, Ondrej"]
[Black "Valenta, Vit"]
[Result "0-1"]
[WhiteElo "1987"]
[BlackElo "2156"]
[PlyCount "78"]
[EventDate "2013.11.03"]
[EventType "team-tourn"]
[EventRounds "11"]
[EventCountry "CZE"]
[SourceTitle "EXT 2016"]
[Source "ChessBase"]
[SourceDate "2015.10.08"]
[SourceVersion "1"]
[SourceVersionDate "2015.10.08"]
[SourceQuality "1"]
[WhiteTeam "Havlickuv Brod"]
[BlackTeam "Velke Losiny"]
[WhiteTeamCountry "CZE"]
[BlackTeamCountry "CZE"]

1. e4 e5 2. Nc3 Nf6 3. f4 d5 4. fxe5 Nxe4 5. Nf3 Bc5 6. d4 Bb4 7. Bd2 Bxc3 8. Bxc3 0-0 9. Be2 Bf5 10. 0-0 Bg6 11. Be1 c6 12. Nd2 Qb6 13. Nxe4 dxe4 14. Bc3 Nd7 15. Bc4 Nxe5 16. Bb3 Nd7 17. Qd2 a5 18. a4 Qc7 19. Kh1 Kh8 20. Bc4 f6 21. Be6 Rfe8 22. Bf5 b6 23. Rae1 Nf8 24. Qf2 Qf7 25. Bg4 Qd5 26. Re3 Re7 27. b3 Rae8 28. Bb2 Rf7 29. c4 Qg5 30. Bf5 Bxf5 31. Rg3 Bg4 32. h3 e3 33. Qe1 e2 34. Rf2 Qd2 35. Qxd2 e1Q+ 36. Qxe1 Rxe1+ 37. Kh2 Bc8 38. Rd2 Nd7 39. d5 c5 0-1

[Event "CZE-chT2D 1314"]
[Site "Czech Republic"]
[Date "2013.12.15"]
[Round "4.3"]
[White "Nemec, Pavel"]
[Black "Partl, Ondrej"]
[Result "1-0"]
[WhiteElo "2228"]
[BlackElo "1987"]
[PlyCount "127"]
[EventDate "2013.11.03"]
[EventType "team-tourn"]
[EventRounds "11"]
[EventCountry "CZE"]
[SourceTitle "EXT 2016"]
[Source "ChessBase"]
[SourceDate "2015.10.08"]
[SourceVersion "1"]
[SourceVersionDate "2015.10.08"]
[SourceQuality "1"]
[WhiteTeam "Vysoke Myto"]
[BlackTeam "Havlickuv Brod"]
[WhiteTeamCountry "CZE"]
[BlackTeamCountry "CZE"]

1. e4 d6 2. d4 Nf6 3. Nc3 g6 4. Nf3 Bg7 5. Be2 0-0 6. 0-0 c6 7. a4 a5 8. Bg5 h6 9. Bf4 Na6 10. h3 Nb4 11. Qd2 Kh7 12. Ne1 Nd7 13. Rd1 e5 14. Be3 Qe7 15. dxe5 dxe5 16. Qd6 Qxd6 17. Rxd6 Re8 18. Bc4 Re7 19. Ne2 Nf8 20. Rd8 Ne6 21. Bxe6 Rxe6 22. c3 Na6 23. Nc1 Bf6 24. Rd2 Nb8 25. Nc2 b5 26. Nb3 bxa4 27. Nc5 Re8 28. Ra1 Na6 29. Nxa4 Bd8 30. Bb6 Be7 31. Bxa5 Nc5 32. Nxc5 Bxc5 33. b4 Be7 34. Bc7 Rxa1+ 35. Nxa1 f6 36. Nb3 Kg8 37. Na5 Bf8 38. f3 Re7 39. Bd8 Re6 40. Bb6 Be7 41. Kf2 Kf7 42. Nb3 Rd6 43. Rxd6 Bxd6 44. h4 h5 45. Na5 Bd7 46. Ke2 Be7 47. Kd3 f5 48. Bf2 Ke6 49. Kc4 Be8 50. Nb7 Bf7 51. Kb3 Kd7+ 52. c4 fxe4 53. fxe4 Kc7 54. Na5 Be6 55. Kc3 Bd7 56. Nb3 Be8 57. Nd2 Bd7 58. c5 g5 59. hxg5 Bxg5 60. Nc4 h4 61. Nxe5 Be6 62. Nf3 Bf6+ 63. e5 Bg7 64. Bxh4 1-0

[Event "CZE-ch Juniors op-A"]
[Site "Zlate Hory"]
[Date "2006.03.14"]
[Round "4"]
[White "Skut, Michal"]
[Black "Partl, Ondrej"]
[Result "1/2-1/2"]
[WhiteElo "1682"]
[BlackElo "1976"]
[PlyCount "42"]
[EventDate "2006.03.11"]
[EventType "swiss"]
[EventRounds "9"]
[EventCountry "CZE"]
[SourceTitle "EXT 2008"]
[Source "ChessBase"]
[SourceDate "2007.11.25"]
[SourceVersion "1"]
[SourceVersionDate "2007.11.25"]
[SourceQuality "1"]

1. e4 d6 2. d4 Nf6 3. Nc3 g6 4. Nf3 Bg7 5. Bc4 c6 6. Qe2 0-0 7. e5 dxe5 8. dxe5 Nd5 9. Bd2 Nd7 10. Bxd5 cxd5 11. e6 Nc5 12. exf7+ Rxf7 13. Ne5 Rf5 14. Nd3 Nxd3+ 15. Qxd3 Re5+ 16. Be3 d4 17. 0-0-0 Qa5 18. Qxd4 Be6 19. Qa4 Rc8 20. Bd4 Qxa4 21. Nxa4 Bf5 1/2-1/2

[Event "CZE-ch Juniors op-A"]
[Site "Zlate Hory"]
[Date "2006.03.12"]
[Round "2"]
[White "Hodovsky, Jiri"]
[Black "Partl, Ondrej"]
[Result "1-0"]
[WhiteElo "2045"]
[BlackElo "1976"]
[PlyCount "25"]
[EventDate "2006.03.11"]
[EventType "swiss"]
[EventRounds "9"]
[EventCountry "CZE"]
[SourceTitle "EXT 2008"]
[Source "ChessBase"]
[SourceDate "2007.11.25"]
[SourceVersion "1"]
[SourceVersionDate "2007.11.25"]
[SourceQuality "1"]

1. Nf3 Nf6 2. d4 g6 3. c4 c5 4. Nc3 Bg7 5. e4 cxd4 6. Nxd4 d6 7. Be2 0-0 8. Be3 a6 9. Qd2 b6 10. Bf3 Bg4 11. e5 Bxf3 12. exf6 Bxf6 13. Nxf3 1-0

[Event "CZE-ch Juniors op-A"]
[Site "Zlate Hory"]
[Date "2006.03.11"]
[Round "1"]
[White "Partl, Ondrej"]
[Black "Seidl, Antonin"]
[Result "1-0"]
[WhiteElo "1976"]
[BlackElo "1564"]
[PlyCount "99"]
[EventDate "2006.03.11"]
[EventType "swiss"]
[EventRounds "9"]
[EventCountry "CZE"]
[SourceTitle "EXT 2008"]
[Source "ChessBase"]
[SourceDate "2007.11.25"]
[SourceVersion "1"]
[SourceVersionDate "2007.11.25"]
[SourceQuality "1"]

1. e4 e6 2. d4 d5 3. Nd2 Nf6 4. e5 Nfd7 5. Bd3 c5 6. c3 Nc6 7. Ne2 f6 8. exf6 Nxf6 9. Nf3 Bd6 10. dxc5 Bxc5 11. Bf4 Qb6 12. 0-0 0-0 13. b4 Be7 14. a4 Nh5 15. Be3 Qc7 16. b5 Ne5 17. Nxe5 Qxe5 18. g3 Qc7 19. c4 Nf6 20. Rc1 Qd8 21. Nf4 dxc4 22. Bxc4 Nd5 23. Nxd5 exd5 24. Bxd5+ Kh8 25. Bg2 Bd6 26. Qd2 Qe7 27. Bg5 Qe6 28. Rfe1 Qg6 29. Be7 Bxe7 30. Rxe7 Re8 31. Rcc7 Qb1+ 32. Bf1 Bh3 33. Qe2 Rxe7 34. Rxe7 h6 35. Qe1 Qxe1 36. Rxe1 Bxf1 37. Kxf1 Kh7 38. Re7 Rb8 39. a5 Kg6 40. b6 axb6 41. axb6 Kf6 42. Rc7 Kg6 43. f4 Kf6 44. Kf2 g6 45. Rh7 h5 46. Kf3 Kf5 47. h3 Kf6 48. g4 hxg4+ 49. hxg4 Ke6 50. g5 1-0